000 00520nam a2200193Ia 4500
005 20250326124028.0
008 250326s9999 xx 000 0 und d
037 _aTextbook
040 _aFMSL
_beng
_cFMSL
041 _aeng
_2eng
084 _aX L3
_qFMSL
100 _aMermelstein D
_9736635
245 0 _aEconomics:mainstream readings and radical critiques
_cMermelstein D
250 _a2
260 _aNY
_bNY, Random House
_c1973
300 _a443p
942 _cTB
_hX L3
999 _c1271957
_d1271957